000 00986ntm a22002657a 4500
999 _c1021
_d1021
008 191121s2019 ii abd|grm|||a00| 0 eng d
040 _aKO
_beng
041 0 _aeng
044 _aii
082 0 4 _223
_a378.242
_bPRM1753
100 1 _aBajpai, Vanya
_eResearcher
245 1 2 _aA Study on the Inland Container Depot Dadri with Special Reference to CMA-CGM Logistics Park Dadri /
_cVanya Bajpai ; Guide Dr. Yogamala H. L.
260 _aKochi :
_bIndian Maritime University,
_c2019
300 _a54 p. :
_bill., charts, maps ;
_c29 cm.
490 0 _aMBA Project 2017-19 ;
_v1705304023
502 _aProject (MBA)–Indian Maritime University. School of Maritime Management, 2019.
650 0 _aContainer terminals
655 7 _2lcsh
_aDissertations, Academic
_y2019
700 1 _aH. L., Yogamala,
_cDr.
_eGuide
856 _uhttps://drive.google.com/file/d/1xn6R5K5zM5Jrk6FUkn0aUlRm-741bdax/view?usp=sharing
904 _aRUDRA_R
905 _aR_RANJAN
942 _cTH